000
00307nam a2200133Ia 4500
100
_a
Pillai S.O
942
_c
BK
654
_a
Physics
245
_a
Problems and Solutions on Solid state Physics
260
_b
Wiley eastern
_a
New Delhi
_c
1994
082
_a
530.41
_b
PAN
546
_a
ENGLISH
999
_c
24186
_d
24186